00876nam a22002652a 450000100060000000300080000600500170001400800410003103500180007204000470009004100080013706000220014508200210016710000240018824500980021225000250031026000430033530000340037849000370041250400760044965000140052565000140053970000200055383000370057333097BD-RjUL20211209051938.0140430s1964 njua b 000 0 eng d aBD-RjUL)33188 aDLCcORLdSERdNLMdUKMdEQOdBD-RjULbeng aeng 0aHM 24bL863m 196104a301.01bLOM 19641 a Loomis Charles P.10aModern social theories :bselected American writers /c Charles P. Loomis and Zona K. Loomis aAn East West Edition aPrinceton, N.J :bVan Nostrand,c1964. axxiv, 720 p. :bill. ;c24 cm1 aVan Nostrand series in sociology aBibliography: p. 661-699. Includes bibliographical references and Index 0aSociology 0aSociology1 aLoomis, Zona K. 0aVan Nostrand series in sociology